00422nam a2200145Ia 4500008004100000020001800041041000800059082001500067100003600082245004400118250000600162260006100168300001200229650003500241210716s2009 xx 000 0 und d a9780070152595 aeng a174.4 FRAR aFrancis, Ronald; Mishra, Mukti. aBusiness ethics: an indian perspective. a1 aNew DelhibTata McGraw Hill Publishing Company Ltdc2009 axiv,248 aEthics (Moral philosophy)(170)